|
|
|
|
| LEADER |
01103nam a2200277 a 4500 |
| 001 |
5327 |
| 003 |
BD-DhAAL |
| 005 |
20150301113819.0 |
| 008 |
150301s1996 ilua b 001 0 eng |
| 010 |
|
|
|a 95011306
|
| 020 |
|
|
|a 0844233242 (alk. paper)
|
| 040 |
|
|
|a DLC
|c DLC
|d DLC
|d BD-DhAAL
|
| 050 |
0 |
0 |
|a HD53
|b .K834 1996
|
| 082 |
0 |
0 |
|a 658.4/063
|2 20
|
| 100 |
1 |
|
|a Kuczmarski, Thomas D.,
|d 1951-
|9 8877
|
| 245 |
1 |
0 |
|a Innovation :
|b leadership strategies for the competitive edge /
|c Thomas D. Kuczmarski.
|
| 260 |
|
|
|a Chicago Ill. :
|b American Marketing Association ;
|a Lincolnwood, Ill. :
|b NTC Business Books,
|c c1996.
|
| 300 |
|
|
|a xiii, 210 p. :
|b ill. ;
|c 25 cm.
|
| 504 |
|
|
|a Includes bibliographical references (p. 199-200) and index.
|
| 541 |
|
|
|e 5327
|
| 650 |
|
0 |
|a Creative ability in business.
|9 8878
|
| 650 |
|
0 |
|a Organizational change.
|9 8879
|
| 650 |
|
0 |
|a New products
|x Management.
|9 8880
|
| 942 |
|
|
|2 ddc
|c BK
|
| 999 |
|
|
|c 33830
|d 33830
|
| 952 |
|
|
|0 0
|1 0
|2 ddc
|4 0
|6 658_406300000000000_KUC
|7 0
|9 52818
|a SCL
|b SCL
|c GEN
|d 2015-03-01
|g 225.00
|l 1
|m 5
|o 658.4063 KUC
|p 3020005327
|r 2019-12-08
|s 2019-10-26
|t 1
|w 2015-03-01
|y BK
|